000 02530cam a22002058i 4500
999 _c12722
_d12722
005 20240627165306.0
008 220810s2022 mau 000 0deng
010 _a 2022038048
020 _a9780674278561
_q(paperback)
042 _apcc
082 0 0 _a720.92
_223/eng/20220824
245 0 0 _aJohn Andrews :
_barchitect of uncommon sense /
_cedited by Paul Walker ; with contributions by Philip Goad, Mary Lou Lobsinger, Antony Moulis, Peter Scriver, and Noritaka Minami.
263 _a2212
300 _apages cm
505 2 _aScarborough College / Mary Lou Lobsinger -- Metro Toronto / Paul Scrivano -- Convention centers / Paul Walker.
520 _a"Though he garnered global praise at the peak of his career from 1960 to 1990, Australian architect John Andrews faced waning fame as postmodern cultural transformations challenged modernist design values, and wider social and economic changes led to a withdrawal of government-funded institutional commissions. Yet his body of work is a remarkable achievement that deserves to be better known. Following a path from Australia to the United States and Canada and back again, John Andrews: Architect of Uncommon Sense examines his most important buildings and reveals how the internationalization of architecture during this period was an unexpectedly dispersed geographical phenomenon, following more complex flows and localized progressions than earlier modernist ideas that travelled from center to periphery, metropole to outpost. Andrews negotiated the advent of postmodernism not by ignoring it, but by cultivating approaches that this new era foregrounded-identity, history, place-within the formal vocabularies of modernism. As Andrews assumed wider public roles and took appointments that allowed him to shape architectural education, he influenced design culture beyond his own personal portfolio. This book presents his legacy traversing local and international scenes and exemplifying late-modern developments of architecture while offering both generational continuities and discontinuities with what came after. John Andrews: Architect of Uncommon Sense features essays from Paul Walker, Mary Lou Lobsinger, Peter Scriver and Antony Moulis, Philip Goad, and Paolo Scrivano, along with nearly 100 new photographs from visual artist Noritaka Minami of existing buildings designed by Andrews in North America and Australia"--
600 1 0 _aAndrews, John,
_d1933-2019
_xCriticism and interpretation.
700 1 _aWalker, Paul
_q(Paul J.),
_eeditor.
942 _2ddc